000 00951nam a2200301Ia 4500
001 96517
003 IT-RoPAU
008 130308s9999 xx 000 0 und d
040 _aIT-RoPAU
040 _cIT-RoPAU
041 _aFRANCESE
100 _aMpongo Laurent
100 _gCodice Aut. SPICS: 33449
245 _aCelebration du mariage dans les religions africaines (La)
245 _bCelebrazione Cristiana del matrimonio (La)-Simboli e Testi
250 _a1a ed.
260 _aROMA
260 _bPontificio Ateneo Anselmiano
260 _c1986 [1° Ed.:1986 - Ed.Ling.Originale:1985]
300 _a"17 p. (prefazione: no ; testo: 17 [pagine: 343-359])"
500 _aCelebrazione del matrimonio nelle Religioni Africane matrimonio Africano nella Sua Realtà Naturale varie tappe del Matrimonio
650 _aMATRIMONIO
650 _eCodice materia Spics: 9156
942 _cBK
957 _71
999 _c63412
_d63412
999 _bSI
999 _g1